00313nam a2200121Ia 4500008004100000040001600041041001200057082001600069100002100085245004500106260002900151300001100180230917s9999||||xx |||||||||||||| ||und|| e60951aMAIN aEnglish a823.7 D555L aDickens, Charles 0aLife and adventures of Martin Chuzzlewit aMiddlesexbPenguinc1968 a928 p.